La obra de la Sociedad de las Naciones Enero 1920-Junio 1925

Saved in:
書目詳細資料
格式: 圖書
語言:西班牙语
出版: Ginebra Secretaría de la Sociedad de las Naciones 1925
主題:
標簽: 添加標簽
沒有標簽, 成為第一個標記此記錄!

MARC

LEADER 00000nam a2200000 a 4500
001 UCX4717
003 CL-VaPUC
008 920720e19250000SZ |||||||||||||||||spa|d
082 0 4 |a 341.22  |b OBR  |2 21 
245 1 3 |a La obra de la Sociedad de las Naciones Enero 1920-Junio 1925 
300 |a 109 p 
942 |c BK 
945 |d 19920720 00:00:00 
260 |a Ginebra  |b Secretaría de la Sociedad de las Naciones  |c 1925 
650 7 |a LIGA DE LAS NACIONES  |2 CL-VaPUC  |9 320995 
650 0 |a Cooperación internacional  |9 255447 
583 |a last modification  |c 19920720 00:00:00  |k Rodrigo Vera 
999 |c 225123  |d 225121 
952 |0 0  |1 0  |4 0  |6 341_220000000000000_OBR_1925  |7 0  |8 X  |9 222345  |a BIBHIS  |b BIBHIS  |d 2019-11-15  |i 2911736  |o 341.22 OBR 1925  |p 2911736  |r 2024-01-30  |w 2019-11-15  |y BK_X  |k HIS